Yo también (Registro nro. 798)
[ vista simple ]
| 000 -CABECERA | |
|---|---|
| Longitud fija campo de control | 01294nam a2200289 i 4500 |
| 005 - • FECHA Y HORA DE LA ÚLTIMA TRANSACCIÓN | |
| Fecha y hora de la última transacción | 20220316235403.0 |
| 008 - • CÓDIGOS DE INFORMACIÓN DE LONGITUD FIJA | |
| Códigos de información de longitud fija | 121119s1999 ve a gs 000 j spa d |
| 020 ## - • NÚMERO INTERNACIONAL NORMALIZADO PARA LIBROS | |
| Número Internacional Normalizado para Libros (ISBN) | 9802572314 |
| 040 ## - FUENTE DE LA CATALOGACIÓN | |
| Centro catalogador de origen | CO-BoRNBP |
| Lengua de catalogación | spa |
| Centro transcriptor | CO-BoRNBP |
| Normas de descripción | rda |
| 041 0# - • CÓDIGO DE LENGUA | |
| Código de lengua del texto/banda sonora o título independiente | spa |
| 084 ## - • Clasificación Local Alfanúmerica PNLB | |
| Número de clasificación | A WIN2 |
| 100 1# - • PUNTO DE ACCESO PRINCIPAL-NOMBRE DE PERSONA | |
| Nombre de persona | Winter, Susan, |
| Término indicativo de función | autora |
| 245 10 - • TITULO PROPIAMENTE DICHO | |
| Título | Yo también |
| Mención de responsabilidad, etc. | texto e ilustraciones de Susan Winter ; traducción, Elena Iribarren |
| 250 ## - • MENCIÓN DE EDICIÓN | |
| Mención de edición | Primera edición |
| 264 #1 - PRODUCCIÓN, PUBLICACIÓN , DISTRIBUCIÓN, FABRICACIÓN Y COPYRIGHT | |
| Lugar de producción, publicación, distribución, fabricación | Caracas |
| Nombre del productor, editor, distribuidor, fabricante | Ekaré |
| Fecha de de producción, publicación, distribución, fabricación o copyright | 1999 |
| 300 ## - • DESCRIPCIÓN FÍSICA | |
| Extensión | 24 páginas |
| Otras características físicas | ilustraciones |
| Dimensiones | 20 cm |
| 336 ## - TIPO DE CONTENIDO | |
| Término de tipo de contenido | texto |
| Código de tipo de contenido | txt |
| Fuente | rdacontent |
| 337 ## - TIPO DE MEDIO | |
| Nombre del tipo de medio | sin mediación |
| Código del tipo de medio | n |
| Fuente | rdamedia |
| 338 ## - TIPO DE SOPORTE | |
| Nombre del tipo de soporte | volumen |
| Código del tipo de soporte | nc |
| Fuente | rdacarrier |
| 490 0# - • MENCIÓN DE SERIE | |
| Mención de serie | El jardín de los niños |
| 520 3# - • NOTA DE RESUMEN | |
| Resumen, etc, | Una niña pequeña aprecia la compañía de su hermano: es el quien le enseña a disfrazarse, saltar a la cuerda, jugar con cubos y leer libros. Pero las hermanitas pueden ser también una ayuda indispensable para un hermano mayor, sobre todo cuando se quieren inventar trucos de magia juntos. Compañero de Yo puedo, este libro-álbum celebra la complicidad entre hermanos |
| 650 14 - • PUNTO DE ACCESO ADICIONAL DE MATERIA - TÉRMINO DE MATERIA | |
| Término de materia o nombre geográfico como elemento inicial | Cuentos infantiles ingleses |
| Fuente del encabezamiento o término | LEMB |
| 650 14 - • PUNTO DE ACCESO ADICIONAL DE MATERIA - TÉRMINO DE MATERIA | |
| Término de materia o nombre geográfico como elemento inicial | Literatura infantil inglesa |
| Fuente del encabezamiento o término | LEMB |
| 650 14 - • PUNTO DE ACCESO ADICIONAL DE MATERIA - TÉRMINO DE MATERIA | |
| Término de materia o nombre geográfico como elemento inicial | Libros ilustrados para niños |
| Fuente del encabezamiento o término | LEMB |
| 700 1# - • PUNTO DE ACCESO ADICIONAL - NOMBRE DE PERSONA | |
| Nombre de persona | Iribarren, Elena, |
| Término indicativo de función | traductor |
| 942 ## - ENTRADA DE ELEMENTOS AGREGADOS (KOHA) | |
| Fuente de clasificaión o esquema | |
| Koha [por defecto] tipo de item | Libro Literatura |
| Perdido | Fuente de clasificación o esquema | Estado Físico | No para préstamo | Forma de adquisición | Localización permanente | Localización actual | Localización en estanterías | Fecha adquisición | Préstamos totales | Signatura completa | Código de barras | Fecha última consulta | Número de copia | Fecha del precio de reemplazo | Tipo de item de Koha |
|---|---|---|---|---|---|---|---|---|---|---|---|---|---|---|---|
| Dewey Decimal Classification | Infantil | Biblioteca Pública Dorado | Biblioteca Pública Dorado | Sala Infantil | 03/01/2023 | A WIN2 | DOR02327 | 03/01/2023 | Ej.1 | 03/01/2023 | Libro Literatura | ||||
| Dewey Decimal Classification | Colección General | Biblioteca Pública San Carlos de Guaroa - Eduardo Carranza | Biblioteca Pública San Carlos de Guaroa - Eduardo Carranza | Sala Infantil | 02/20/2023 | A WIN2 | SG00119 | 02/20/2023 | Ej.1 | 02/20/2023 | Libro Literatura | ||||
| Dewey Decimal Classification | Infantil | Biblioteca Pública Guamal | Biblioteca Pública Guamal | Sala Infantil | 02/10/2023 | A WIN2 | GUA001088 | 02/10/2023 | Ej.1 | 02/10/2023 | Libro Infantil | ||||
| Dewey Decimal Classification | Infantil | Biblioteca Pública Mapiripan | Biblioteca Pública Mapiripan | Sala Infantil | 01/26/2024 | A WIN2 | MAP00003955 | 01/26/2024 | Ej.1 | 01/26/2024 | Libro Literatura | ||||
| Dewey Decimal Classification | Infantil | Biblioteca Pública Puerto Rico | Biblioteca Pública Puerto Rico | Sala Infantil | 12/14/2022 | WIN2 | PR000000I193 | 12/14/2022 | Ej.1 | 12/14/2022 | Libro Literatura | ||||
| Dewey Decimal Classification | Biblioteca Pública Puerto Rico | Biblioteca Pública Puerto Rico | Sala Infantil | 06/05/2023 | VIN2 EJ. 1 | PR000001259 | 06/05/2023 | Ej.1 | 06/05/2023 | Libro Literatura | |||||
| Dewey Decimal Classification | Infantil | Biblioteca Pública Uribe - Reinerio Arenas | Biblioteca Pública Uribe - Reinerio Arenas | Sala Infantil | 07/30/2025 | A WIN2 | URI03152 | 07/30/2025 | Ej.1 | 07/30/2025 | Libro Infantil |